[Event "Elite Hotels Vaxjo Open"]
[Site "masterchessopen.com Vaxjo SWE"]
[Date "2017.02.10"]
[Round "2.3"]
[White "Petersson,K"]
[Black "Hillarp Persson,T"]
[Result "0-1"]
[WhiteElo "2059"]
[BlackElo "2512"]

1.f4 Nf6 2.Nf3 c5 3.e3 b6 4.b3 g6 5.Bb2 Bg7 6.Be2 Bb7 7.O-O O-O 8.Qe1 e6 9.d4
cxd4 10.exd4 Nc6 11.Ne5 Ne7 12.Nd2 d6 13.Ng4 Nf5 14.Qf2 Rc8 15.c3 Nd5 16.c4
Nb4 17.Nf3 Bxf3 18.Bxf3 Nd3 19.Qd2 Nxb2 20.Rab1 Bxd4+ 21.Kh1 Qh4 {#R} 0-1

[Event "Elite Hotels Vaxjo Open"]
[Site "masterchessopen.com Vaxjo SWE"]
[Date "2017.02.10"]
[Round "2.4"]
[White "Hector,J"]
[Black "Mattsson,M"]
[Result "1-0"]
[WhiteElo "2501"]
[BlackElo "2054"]

1.e4 e5 2.Nf3 Nc6 3.Bc4 Nf6 4.Qe2 Bc5 5.c3 O-O 6.d3 d6 7.Bb3 Be6 8.Bc2 d5
9.Bg5 d4 10.Nbd2 h6 11.Bh4 Qe7 12.Nb3 Bb6 13.cxd4 Bxb3 14.Bxb3 Qb4+ 15.Kf1
Nxd4 16.Nxd4 Qxd4 17.Bxf6 gxf6 18.h4 Rfd8 19.Rh3 Kf8 20.Rc1 Ke7 21.Rc4 Qd7
22.Qh5 Rh8 23.f4 Rag8 24.fxe5 Rg6 25.e6 Qd6 26.exf7 Rg3 27.Rxg3 Qxg3 28.Qf3
Qxh4 29.e5 Qh1+ 30.Ke2 fxe5 31.Qxb7 Qg1 32.Rxc7+ Bxc7 33.Qxc7+ Kf6 34.Qd6+ Kg7
35.Qxe5+ Kh7 36.Qxh8+ {#r} 1-0

[Event "Elite Hotels Vaxjo Open"]
[Site "masterchessopen.com Vaxjo SWE"]
[Date "2017.02.10"]
[Round "2.5"]
[White "Neretljak,N"]
[Black "Westerberg,J"]
[Result "0-1"]
[WhiteElo "2051"]
[BlackElo "2469"]

1.e4 e6 2.d4 d5 3.e5 c5 4.c3 Nc6 5.Nf3 f6 6.Bd3 Qc7 7.O-O Bd7 8.Re1 O-O-O 9.b4
cxb4 10.cxb4 Bxb4 11.Bd2 Nge7 12.Nc3 Kb8 13.Qb3 Bxc3 14.Bxc3 fxe5 15.dxe5 Be8
16.Nd4 Nxd4 17.Bxd4 Nc6 18.Bc5 Nxe5 19.Ba6 Bc6 20.Rab1 Nd7 21.Be7 Nb6 22.Bxd8
Rxd8 23.Bb5 Bxb5 24.Qxb5 e5 25.a4 Nc4 26.Red1 Na3 27.Qb3 Nxb1 28.Rxb1 g6 29.a5
d4 30.a6 d3 31.h3 d2 32.Qf3 Qc1+ 33.Qd1 Qxb1 {#R} 0-1

[Event "Elite Hotels Vaxjo Open"]
[Site "masterchessopen.com Vaxjo SWE"]
[Date "2017.02.10"]
[Round "2.6"]
[White "Brynell,S"]
[Black "Lundstrom,Mikael"]
[Result "1-0"]
[WhiteElo "2436"]
[BlackElo "2051"]

1.d4 d6 2.g3 e5 3.dxe5 dxe5 4.Qxd8+ Kxd8 5.Nc3 c6 6.f4 exf4 7.Bxf4 Be6
8.O-O-O+ Ke8 9.Nf3 Nd7 10.Nd4 Nc5 11.b4 Nd7 12.b5 Bb4 13.Nxe6 fxe6 14.Bd2 Ngf6
15.Bg2 Nd5 16.Nxd5 Bxd2+ 17.Rxd2 cxd5 18.e4 dxe4 19.Bxe4 Nc5 20.Re1 Rd8
21.Rxd8+ Kxd8 22.Kd2 Rf8 23.Re2 Nxe4+ 24.Rxe4 Rf2+ 25.Kd3 Rf3+ 26.Kd4 Ra3
27.Rxe6 Rxa2 28.Re2 a6 29.bxa6 bxa6 30.Kc5 Kd7 31.h4 Rb2 32.Kc4 g6 33.Kc3 Rb6
34.Rf2 Re6 35.Kd4 Kc6 36.c4 h6 37.Ra2 Rd6+ 38.Kc3 Kd7 39.c5 Rf6 40.Kd4 g5
41.h5 Kc7 42.Ke5 Rc6 43.Kd5 Rf6 44.g4 Kb7 45.Re2 a5 46.Re7+ Kc8 47.Ra7 Rf4
48.Rxa5 Rxg4 49.Ra6 Rh4 50.Rxh6 g4 51.Kc6 Kd8 52.Rh8+ Ke7 53.Rg8 Rxh5 54.Rxg4
Rh7 55.Rd4 Ke8 56.Kb6 Rg7 57.c6 Rg1 58.c7 Rb1+ 59.Kc6 Rc1+ 60.Kb7 Rb1+ 61.Kc8
Rc1 62.Re4+ Kf7 63.Kd7 Rd1+ 64.Kc6 Rc1+ 65.Kd6 Kf8 66.Re5 {#r} 1-0

[Event "Elite Hotels Vaxjo Open"]
[Site "masterchessopen.com Vaxjo SWE"]
[Date "2017.02.10"]
[Round "2.8"]
[White "Akesson,R"]
[Black "Horn,E"]
[Result "1-0"]
[WhiteElo "2420"]
[BlackElo "2048"]

1.Nf3 d5 2.d4 Nf6 3.c4 c6 4.e3 a6 5.Qc2 g6 6.Bd3 Bg7 7.O-O O-O 8.Nc3 dxc4
9.Bxc4 Bf5 10.e4 Bg4 11.Be3 Bxf3 12.gxf3 Nbd7 13.Rad1 Qc7 14.f4 Nh5 15.e5 Bh6
16.f5 Bf4 17.Qe4 g5 18.Ne2 Nb6 19.Bb3 Nd5 20.Bxd5 cxd5 21.Qf3 Bxe3 22.Qxh5 Bf4
23.Rd3 Qd7 24.Nxf4 Qxf5 25.Rh3 e6 26.Ng2 Rac8 27.Ne3 Qg6 28.Ng4 f5 29.exf6 Rc4
30.Ne5 Qxh5 31.Rxh5 Rxd4 32.Rxg5+ Kh8 33.Rc1 h6 34.Rg6 Re4 35.Rc7 Re1+ 36.Kg2
Rxe5 37.Rxh6+ {#r} 1-0

[Event "Elite Hotels Vaxjo Open"]
[Site "masterchessopen.com Vaxjo SWE"]
[Date "2017.02.10"]
[Round "3.1"]
[White "Blomqvist,E"]
[Black "Lekander,R"]
[Result "1-0"]
[WhiteElo "2573"]
[BlackElo "2189"]

1.Nf3 d5 2.g3 Nf6 3.Bg2 c6 4.O-O Bf5 5.c4 e6 6.d3 Be7 7.cxd5 exd5 8.Qb3 Qb6
9.Qc2 Nbd7 10.Nc3 O-O 11.e4 dxe4 12.dxe4 Bg4 13.Be3 Qa5 14.Nd4 Rfe8 15.h3 Bh5
16.f4 Bc5 17.Kh2 Qc7 18.e5 Bg6 19.Qf2 Nxe5 20.fxe5 Qxe5 21.Rae1 Bd3 22.Rh1
Rad8 23.Nc2 Qh5 24.Bf3 Bxe3 25.Nxe3 Qc5 26.Kg2 h5 27.g4 b5 28.Nf5 Qxf2+
29.Kxf2 b4 30.Rxe8+ Rxe8 31.Na4 hxg4 32.hxg4 Ne4+ 33.Bxe4 Rxe4 34.Ne3 Re6
35.Nc5 Rf6+ 36.Kg3 Be2 37.Nf5 g6 38.Nd4 Bc4 39.Ne4 {#r} 1-0

[Event "Elite Hotels Vaxjo Open"]
[Site "masterchessopen.com Vaxjo SWE"]
[Date "2017.02.10"]
[Round "3.2"]
[White "Andersson,Paul"]
[Black "Tikkanen,H"]
[Result "0-1"]
[WhiteElo "2183"]
[BlackElo "2518"]

1.d4 d5 2.c4 c6 3.Nf3 Nf6 4.Qc2 dxc4 5.Qxc4 Bg4 6.Ne5 Be6 7.Qd3 Nbd7 8.Nf3 Bg4
9.Nbd2 Qc7 10.e3 e5 11.Be2 Rd8 12.O-O Be7 13.b3 O-O 14.Bb2 Rfe8 15.Qc2 exd4
16.Bxd4 c5 17.Bb2 Nd5 18.Rac1 Bh5 19.Qf5 N7f6 20.e4 Bg6 21.Qh3 Nf4 {#R} 0-1

[Event "Elite Hotels Vaxjo Open"]
[Site "masterchessopen.com Vaxjo SWE"]
[Date "2017.02.10"]
[Round "3.3"]
[White "Hillarp Persson,T"]
[Black "Ask,J"]
[Result "1-0"]
[WhiteElo "2512"]
[BlackElo "2170"]

1.d4 Nf6 2.c4 g6 3.Nc3 Bg7 4.Nf3 O-O 5.Bg5 d6 6.e3 h6 7.Bh4 c5 8.d5 Bf5 9.Nd2
g5 10.Bg3 Bg6 11.Be2 Na6 12.O-O Nc7 13.a4 Na6 14.f4 Qd7 15.e4 gxf4 16.Bxf4 Nb4
17.Kh1 Qd8 18.Ra3 Nd7 19.Nf3 Bh7 20.Qd2 f5 21.exf5 Bxf5 22.Bxh6 Qe8 23.Bxg7
Kxg7 24.Nb5 Na6 25.Nh4 Bh7 26.Rg3+ Kh8 27.Qh6 Rg8 28.Bd3 {#r} 1-0

[Event "Elite Hotels Vaxjo Open"]
[Site "masterchessopen.com Vaxjo SWE"]
[Date "2017.02.10"]
[Round "3.4"]
[White "Emmoth,Alfons"]
[Black "Hector,J"]
[Result "0-1"]
[WhiteElo "2180"]
[BlackElo "2501"]

1.d4 d5 2.c4 c6 3.e3 Nf6 4.Nc3 Bf5 5.cxd5 cxd5 6.Qb3 Nc6 7.Qxb7 Bd7 8.Qb3 Rb8
9.Qd1 e5 10.dxe5 Nxe5 11.Be2 Bd6 12.Nf3 O-O 13.O-O Qe7 14.Nd4 Rfc8 15.Re1 Rb6
16.Bf1 h5 17.e4 Neg4 18.e5 Bxe5 19.Nf3 Re6 20.Nxe5 Rxe5 21.Bf4 Rxe1 22.Qxe1
Qb4 23.Bd2 Qxb2 24.Rb1 Qa3 25.h3 Re8 26.Qc1 Qxc1 27.Bxc1 Ne5 28.Be3 Nc6 29.Rd1
Be6 30.Bb5 Rc8 31.Bxc6 Rxc6 32.Nb5 a6 33.Nd4 Rc4 34.Nxe6 fxe6 35.Rd4 Rxd4
36.Bxd4 Kf7 37.Kf1 Kg6 38.f4 Kf5 39.g3 h4 40.Kg2 hxg3 41.Kxg3 Nh5+ 42.Kf3 Nxf4
43.Bxg7 Nxh3 44.Bc3 e5 45.Bd2 Ng5+ 46.Ke3 Ne6 47.Bc1 Nf4 48.Bb2 Ne6 49.Bc1 Nc5
50.Bb2 Ke6 51.Bc3 Na4 52.Ba1 Kf5 53.Kd3 Kf4 54.Kc2 Ke4 55.Kd2 d4 56.Kc2 Ke3
57.Kb3 Nb6 {#R} 0-1

[Event "Elite Hotels Vaxjo Open"]
[Site "masterchessopen.com Vaxjo SWE"]
[Date "2017.02.10"]
[Round "3.5"]
[White "Westerberg,J"]
[Black "Wahlund,Max"]
[Result "1-0"]
[WhiteElo "2469"]
[BlackElo "2127"]

1.Nf3 e6 2.g3 Nf6 3.Bg2 d5 4.O-O c5 5.c4 Nc6 6.cxd5 exd5 7.d4 Be6 8.Nc3 Qd7
9.Ne5 Nxe5 10.dxe5 Ng4 11.Bxd5 Nxe5 12.Bf4 Ng6 13.Bxe6 fxe6 14.Qxd7+ Kxd7
15.Be3 Be7 16.Ne4 b6 17.Rfd1+ Kc6 18.Bg5 Rhe8 19.Bxe7 Rxe7 20.Rd6+ Kc7 21.Rad1
h6 22.Nc3 a6 23.a4 Ne5 24.a5 b5 25.b3 c4 26.f4 Nf7 27.Rb6 cxb3 28.Ne4 b2
29.Rb1 e5 30.f5 Rd7 31.Rxb2 Rd4 32.Nc5 Rd1+ 33.Kg2 Nd6 34.Nxa6+ Kd7 35.Nc5+
Ke7 36.a6 Rc1 37.Nd3 Ra1 38.Nxe5 R8xa6 39.Ng6+ Kd7 40.Rxa6 Rxa6 41.g4 Rb6
42.Ne5+ Ke7 43.Kf3 b4 44.Rxb4 Ra6 45.Rd4 Kf6 46.Nd3 g6 47.fxg6 Kxg6 48.h4 Nf7
49.Nf4+ Kf6 50.Nh5+ Ke7 51.Re4+ Kf8 52.Kg3 Ra3+ 53.Kg2 Ra5 54.Nf6 Kg7 55.Rf4
Ne5 56.Nh5+ Kg6 57.Rf5 Kh7 58.Nf6+ Kg6 59.Nd7 {#r} 1-0

[Event "Elite Hotels Vaxjo Open"]
[Site "masterchessopen.com Vaxjo SWE"]
[Date "2017.02.10"]
[Round "3.6"]
[White "Ottenklev,Niklas"]
[Black "Brynell,S"]
[Result "0-1"]
[WhiteElo "2174"]
[BlackElo "2436"]

1.e4 e6 2.d4 d5 3.Nd2 Nf6 4.e5 Nfd7 5.Bd3 c5 6.c3 Nc6 7.Ngf3 f6 8.exf6 Nxf6
9.O-O cxd4 10.cxd4 Bd6 11.Nb3 O-O 12.Bg5 Qb6 13.Rc1 a5 14.a4 Bd7 15.Re1 Nb4
16.Bb1 Bxa4 17.Rc3 Ne4 18.Bxe4 dxe4 19.Rxe4 Nd5 20.Rd3 Bb5 21.Rd2 Rac8 22.Bh4
Bf4 23.Rc2 Rxc2 24.Qxc2 Ba4 25.Qe2 Qxb3 26.Rxe6 Qd1+ 27.Qxd1 Bxd1 28.Ne5 Bxe5
29.Rxe5 Bb3 30.f3 a4 31.Kf2 Rc8 32.Re2 Rc2 33.Rxc2 Bxc2 34.Bg3 Kf7 35.Ke2 Ke6
36.Be5 g6 37.Kd2 Bb1 38.Kc1 Bd3 39.Kd2 Bf1 40.g3 b5 41.Ke1 Bc4 42.Kd2 b4
43.Bg7 a3 44.bxa3 bxa3 45.Kc2 Ne3+ 46.Kb1 Kd5 47.Be5 a2+ 48.Kb2 Nc2 {#R} 0-1

[Event "Elite Hotels Vaxjo Open"]
[Site "masterchessopen.com Vaxjo SWE"]
[Date "2017.02.10"]
[Round "3.7"]
[White "Johansson,V"]
[Black "Akesson,R"]
[Result "0-1"]
[WhiteElo "2114"]
[BlackElo "2420"]

1.d4 Nf6 2.c4 g6 3.Nc3 d5 4.cxd5 Nxd5 5.e4 Nxc3 6.bxc3 Bg7 7.Bc4 c5 8.Ne2 O-O
9.O-O Nc6 10.Be3 Bd7 11.Rb1 Qc7 12.Bd3 Rad8 13.d5 Ne5 14.Bc2 e6 15.Nf4 Nc4
16.Qe2 Nxe3 17.Qxe3 b6 18.dxe6 fxe6 19.Ne2 e5 20.Bb3+ c4 21.Bc2 Be6 22.Ng3 Qf7
23.a4 Qf4 24.Qxf4 exf4 25.Ne2 Rd2 26.Bd1 Bd7 27.a5 b5 28.f3 Ra2 29.Rc1 Rxa5
30.Rc2 Ra1 31.Rd2 Bc8 32.g3 Bh3 33.Rf2 g5 34.gxf4 gxf4 35.Nd4 b4 36.cxb4 Rd8
37.Nc2 Rxd1+ {#R} 0-1

[Event "Elite Hotels Vaxjo Open"]
[Site "masterchessopen.com Vaxjo SWE"]
[Date "2017.02.10"]
[Round "3.9"]
[White "Winfridsson,H"]
[Black "Ernst,T"]
[Result "0-1"]
[WhiteElo "2099"]
[BlackElo "2370"]

1.e4 e5 2.f4 exf4 3.Nf3 g5 4.h4 g4 5.Ne5 Nf6 6.d4 d6 7.Nd3 Nxe4 8.Bxf4 Bg7
9.c3 O-O 10.Nd2 Re8 11.Nxe4 Rxe4+ 12.Kf2 c5 13.dxc5 dxc5 14.g3 Re8 15.Bg2 c4
16.Nb4 Qb6+ 17.Kf1 Be6 18.Qd2 Nc6 19.Nxc6 bxc6 20.Qf2 Bd5 21.Qxb6 axb6 22.Rh2
Be5 23.Bxd5 cxd5 24.Rd2 Bxf4 25.gxf4 Re4 26.Rxd5 Rxf4+ 27.Kg2 Re8 28.Rd2 Re3
29.h5 Rff3 30.h6 Rg3+ 31.Kh2 Rh3+ 32.Kg2 Rxh6 33.Rf1 Rhe6 34.Rf4 h5 35.Rxc4
Re2+ 36.Rxe2 Rxe2+ 37.Kg3 Rxb2 38.a4 Kg7 39.Rb4 Rc2 40.Kh4 Rh2+ 41.Kg5 f6+
42.Kf5 Rf2+ 43.Ke6 g3 {#R} 0-1

[Event "Elite Hotels Vaxjo Open"]
[Site "masterchessopen.com Vaxjo SWE"]
[Date "2017.02.10"]
[Round "3.10"]
[White "Kring,Stephan"]
[Black "Arman,D"]
[Result "0-1"]
[WhiteElo "2097"]
[BlackElo "2355"]

1.d4 Nf6 2.c4 c5 3.d5 b5 4.cxb5 a6 5.bxa6 Bxa6 6.Nc3 d6 7.Nf3 g6 8.e4 Bxf1
9.Kxf1 Nbd7 10.g3 Bg7 11.Kg2 O-O 12.Qe2 Qa5 13.a4 Rfb8 14.Ra3 Rb4 15.Ne1 Qa6
16.Qxa6 Rxa6 17.Nd3 Rd4 18.Rd1 Nxe4 19.Nxe4 Rxe4 20.a5 Rd4 21.Re1 Ne5 22.Nf4
Rb4 23.b3 Rb5 24.Bd2 h5 25.h4 Bf6 26.Rb1 Nc4 27.Ra2 Nxd2 28.Rxd2 Raxa5 29.Nd3
c4 30.Nc1 c3 31.Rc2 Rxd5 32.Ne2 Rd2 33.Rbc1 Rb5 34.Rxd2 cxd2 35.Rd1 Rxb3
36.Rxd2 Rb2 37.Rxb2 Bxb2 38.Kf3 f5 39.Nf4 Kf7 40.Ke3 Bc1+ {#R} 0-1

[Event "Elite Hotels Vaxjo Open"]
[Site "masterchessopen.com Vaxjo SWE"]
[Date "2017.02.10"]
[Round "3.12"]
[White "Ziegler,A"]
[Black "Akerman,Axel"]
[Result "1-0"]
[WhiteElo "2315"]
[BlackElo "2090"]

1.d4 d5 2.Bf4 Nf6 3.e3 c6 4.Nd2 a6 5.c3 Bf5 6.Qb3 b5 7.h3 e6 8.Ngf3 Nbd7 9.a4
b4 10.g4 Bg6 11.a5 bxc3 12.bxc3 c5 13.Bg2 c4 14.Qa4 Ne4 15.Nxe4 Bxe4 16.O-O f6
17.Nd2 Bd3 18.Rfe1 Rc8 19.e4 dxe4 20.Nxe4 Kf7 21.Ng3 g5 22.Bd2 Bd6 23.Nh5 Qc7
24.Re3 Rhe8 25.Rae1 Bg6 26.Rf3 h6 27.Ng3 Bxg3 28.Rxg3 Rb8 29.Bc6 Red8 30.Qxc4
Qd6 31.Rxe6 Qxe6 32.Bd5 Nf8 33.Bxe6+ Nxe6 34.Re3 Re8 35.Qxa6 Nf4 36.Rxe8 Rxe8
37.Qc4+ Kf8 38.a6 Nxh3+ 39.Kf1 h5 40.a7 hxg4 41.Qc5+ Kg7 42.Qc7+ Kh6 43.Qc6
Bd3+ 44.Kg2 Rf8 45.a8=Q {#r} 1-0

[Event "Elite Hotels Vaxjo Open"]
[Site "masterchessopen.com Vaxjo SWE"]
[Date "2017.02.10"]
[Round "3.13"]
[White "Stahlberg,D"]
[Black "Livner,A"]
[Result "1-0"]
[WhiteElo "2089"]
[BlackElo "2313"]

1.Nf3 d5 2.d4 Nf6 3.g3 Bf5 4.Bg2 e6 5.O-O Nbd7 6.c4 c6 7.Nc3 Bd6 8.cxd5 exd5
9.Re1 O-O 10.Nh4 Be6 11.f4 Nb6 12.Nf3 Bb4 13.Bd2 Nc4 14.Ne5 Nxd2 15.Qxd2 Ne4
16.Qe3 Re8 17.Rec1 Nd6 18.Nd3 Bg4 19.Ne5 f6 20.Nxg4 Rxe3 21.Nxe3 f5 22.Rd1 Qe8
23.Kf2 Bxc3 24.bxc3 Ne4+ 25.Bxe4 Qxe4 26.Rd3 b5 27.a4 a5 28.Nf1 bxa4 29.Rxa4
Qe8 30.Rd2 Qb8 31.Rda2 Qb5 32.Nd2 c5 33.Nf3 c4 34.Ne5 h6 35.h3 g5 36.g4 gxf4
37.gxf5 Kg7 38.Kf3 Qb1 39.Kxf4 Qc1+ 40.e3 Qxc3 41.Rg2+ Kh7 42.f6 Qe1 43.Rg7+
Kh8 44.Nf7# 1-0

[Event "Elite Hotels Vaxjo Open"]
[Site "masterchessopen.com Vaxjo SWE"]
[Date "2017.02.10"]
[Round "4.1"]
[White "Ernst,T"]
[Black "Blomqvist,E"]
[Result "0-1"]
[WhiteElo "2370"]
[BlackElo "2573"]

1.e4 c5 2.Nf3 e6 3.d4 cxd4 4.Nxd4 Nc6 5.Nc3 Qc7 6.g3 a6 7.Bg2 h5 8.h3 Nf6
9.O-O Bc5 10.Nb3 Ba7 11.Bf4 Ne5 12.a4 d6 13.Rb1 Bd7 14.Qe2 Ng6 15.Be3 Bxe3
16.Qxe3 h4 17.g4 e5 18.Rfd1 Be6 19.Bf1 O-O 20.Rd2 Rac8 21.Rbd1 Rfd8 22.a5 Nf4
23.Nd5 Bxd5 24.exd5 Nd7 25.c4 Re8 26.Ra1 Rb8 27.Rdd1 b6 28.Rd2 g6 29.axb6 Rxb6
30.Na5 Nc5 31.Ra3 Reb8 32.Nc6 Rb3 33.Nxb8 Rxe3 34.Nxa6 Nxh3+ 35.Kh2 Nxa6
36.Rxa6 Ng5 37.fxe3 Nf3+ 38.Kh3 Nxd2 39.Rc6 Qa7 40.c5 Nxf1 41.cxd6 Qxe3+
42.Kg2 Qe2+ {#R} 0-1

[Event "Elite Hotels Vaxjo Open"]
[Site "masterchessopen.com Vaxjo SWE"]
[Date "2017.02.10"]
[Round "4.2"]
[White "Tikkanen,H"]
[Black "Ziegler,A"]
[Result "1-0"]
[WhiteElo "2518"]
[BlackElo "2315"]

1.e4 e5 2.Nf3 Nc6 3.Bb5 a6 4.Ba4 Nf6 5.O-O Be7 6.d3 b5 7.Bb3 O-O 8.a4 Rb8
9.axb5 axb5 10.Re1 d6 11.c3 Be6 12.Bxe6 fxe6 13.d4 exd4 14.cxd4 Qd7 15.d5 Ne5
16.Nxe5 dxe5 17.Nc3 b4 18.dxe6 Qxe6 19.Nd5 Nxd5 20.exd5 Qf6 21.Be3 Bd6 22.Qd3
h6 23.Qe4 b3 24.Rec1 Qf5 25.Qxf5 Rxf5 26.f3 Rb4 27.Bc5 e4 28.Bxb4 {#r} 1-0

[Event "Elite Hotels Vaxjo Open"]
[Site "masterchessopen.com Vaxjo SWE"]
[Date "2017.02.10"]
[Round "4.3"]
[White "Arman,D"]
[Black "Hillarp Persson,T"]
[Result "0-1"]
[WhiteElo "2355"]
[BlackElo "2512"]

1.e4 c5 2.Nf3 d6 3.d4 cxd4 4.Nxd4 Nf6 5.Nc3 a6 6.Bg5 e6 7.f4 h6 8.Bh4 Qb6 9.a3
Nbd7 10.Bf2 Qc7 11.Qf3 b5 12.O-O-O Bb7 13.Qh3 Nc5 14.Bd3 Be7 15.Kb1 Nfxe4
16.Nxe4 Nxe4 17.Bxe4 Bxe4 18.Rhe1 d5 19.Qh5 g6 20.Qh3 Rc8 21.Rd2 h5 22.Rxe4
dxe4 23.Nxe6 fxe6 24.Qxe6 Qc6 25.Qe5 Kf7 26.f5 Bf6 27.fxg6+ Kxg6 28.Qg3+ Kf7
29.Be3 Rhd8 30.Rf2 Rd1+ 31.Bc1 Qc5 32.Qf4 Rc6 33.h3 e3 34.Re2 Qe5 35.Qf3 Qxb2#
0-1

[Event "Elite Hotels Vaxjo Open"]
[Site "masterchessopen.com Vaxjo SWE"]
[Date "2017.02.10"]
[Round "4.4"]
[White "Hector,J"]
[Black "Johansson,G1"]
[Result "1-0"]
[WhiteElo "2501"]
[BlackElo "2226"]

1.e4 c5 2.Nf3 e6 3.d4 cxd4 4.Nxd4 Nc6 5.Nc3 Qc7 6.f4 a6 7.Nf3 Bc5 8.Bd3 Nge7
9.Qe2 Nd4 10.Nxd4 Bxd4 11.Nd1 O-O 12.c3 Bb6 13.Ne3 d5 14.e5 Bd7 15.Nc2 Bc6
16.Be3 Bxe3 17.Qxe3 Bb5 18.Bxb5 axb5 19.O-O Nf5 20.Qf2 Qc4 21.a3 Rfd8 22.Rad1
g6 23.g4 Ne7 24.Nd4 Kh8 25.Qh4 Nc6 26.f5 exf5 27.gxf5 Nxd4 28.Rxd4 Qc7 29.Qh6
Qxe5 30.f6 Rg8 31.Rh4 {#r} 1-0

[Event "Elite Hotels Vaxjo Open"]
[Site "masterchessopen.com Vaxjo SWE"]
[Date "2017.02.10"]
[Round "4.5"]
[White "Rydstrom,Tom"]
[Black "Westerberg,J"]
[Result "0-1"]
[WhiteElo "2262"]
[BlackElo "2469"]

1.e4 c5 2.Nf3 Nc6 3.d4 cxd4 4.Nxd4 Nf6 5.Nc3 d6 6.Bg5 g6 7.Bxf6 exf6 8.g3 Bg7
9.Bg2 O-O 10.O-O Nxd4 11.Qxd4 f5 12.Qd3 fxe4 13.Bxe4 Be6 14.Rab1 Rc8 15.Nd5
Re8 16.c4 Qa5 17.a3 Qc5 18.Rfc1 Bh3 19.b4 Qd4 20.Qxd4 Bxd4 21.Bf3 Bf5 22.Rb3
b5 23.c5 dxc5 24.bxc5 a6 25.c6 Kg7 26.c7 Be6 27.Rd3 Ba7 28.Rd2 a5 29.Rb2 Bd7
30.Kg2 Re6 31.Rbc2 Kf8 32.Bg4 f5 33.Bf3 Rd6 34.h4 Bd4 35.Nf4 Rb6 36.Rd1 Rd6
37.Rcd2 Rxc7 38.Rxd4 Rxd4 39.Rxd4 Ke8 40.Nd5 Rc6 41.Kf1 Rc1+ 42.Ke2 Be6 43.Ne3
Rc3 44.Rd3 Rc1 45.Bd5 Bd7 46.Kd2 Ra1 47.Bg8 h6 48.Bf7+ Kxf7 49.Rxd7+ Ke6
50.Rd3 g5 51.Nd5 Ra2+ 52.Ke3 Rc2 53.Rc3 Rb2 54.Nc7+ Kd6 55.Ne8+ Ke7 56.Nc7 b4
57.axb4 axb4 58.Rd3 f4+ 59.gxf4 gxh4 60.Nd5+ Ke6 61.Ke4 b3 62.f5+ Kf7 63.Nf4
Rb1 64.Rd7+ Kf6 65.Rd6+ Kf7 66.Rb6 b2 67.Kf3 h3 68.Nxh3 Rh1 69.Rxb2 Rxh3+
70.Ke4 Ra3 71.Rb6 h5 72.Ke5 Ra5+ 73.Kf4 h4 74.Kg5 h3 75.Rb7+ Kf8 76.Kg6 Ra1
77.Rh7 Rg1+ 78.Kf6 Kg8 79.Rxh3 Ra1 80.Rb3 Ra6+ 81.Kg5 Kf7 82.Rh3 Kg8 83.Rh6
Ra2 84.Rc6 {#R} 0-1

[Event "Elite Hotels Vaxjo Open"]
[Site "masterchessopen.com Vaxjo SWE"]
[Date "2017.02.10"]
[Round "4.6"]
[White "Brynell,S"]
[Black "Olofsson-Dolk,Mattis"]
[Result "1-0"]
[WhiteElo "2436"]
[BlackElo "2210"]

1.d4 Nf6 2.c4 g6 3.Nc3 d5 4.cxd5 Nxd5 5.g3 Bg7 6.Bg2 Nb6 7.Nf3 Nc6 8.e3 O-O
9.O-O Re8 10.Nh4 e5 11.d5 Na5 12.Rb1 Nac4 13.b3 Nd6 14.e4 Bd7 15.a4 Rc8 16.Ba3
a5 17.Qd3 Bf8 18.Bb2 c6 19.dxc6 Bxc6 20.Rfd1 Qc7 21.Rbc1 Qb8 22.Qe3 Nd7 23.Bh3
Rcd8 24.Nd5 Bxd5 25.Rxd5 b6 26.Rcd1 Nf6 27.Rxe5 Ndxe4 28.Rxd8 Qxd8 29.Rxe8
Qxe8 30.Bd4 Nd5 31.Qd3 Nc5 32.Qc4 Nb4 33.Nf3 Qe4 34.Ng5 Qb1+ 35.Bf1 Qxb3
36.Nxf7 Qxc4 37.Bxc4 Be7 38.Ng5+ Kf8 39.Nxh7+ Ke8 40.h4 Nc6 41.Bb5 Kd7 42.Ng5
Kc7 43.Bc3 Na7 44.Be8 b5 45.Bxa5+ {#r} 1-0

[Event "Elite Hotels Vaxjo Open"]
[Site "masterchessopen.com Vaxjo SWE"]
[Date "2017.02.10"]
[Round "4.7"]
[White "Akesson,R"]
[Black "Stahlberg,D"]
[Result "1-0"]
[WhiteElo "2420"]
[BlackElo "2089"]

1.Nf3 d5 2.d4 Nf6 3.c4 c6 4.e3 e6 5.Bd3 Be7 6.O-O O-O 7.Nc3 b6 8.e4 dxe4
9.Nxe4 Nbd7 10.Bf4 Bb7 11.Nd6 Bxd6 12.Bxd6 Re8 13.c5 a5 14.Qe2 Qc8 15.Ne5 bxc5
16.dxc5 Ba6 17.Nc4 e5 18.Bf5 Bxc4 19.Qxc4 Qa6 20.Qh4 Ra7 21.Rad1 Qb5 22.b3 a4
23.Bd3 Qa5 24.b4 Qd8 25.a3 g6 26.Bc4 Qc8 27.f4 Nh5 28.fxe5 {#r} 1-0

[Event "Elite Hotels Vaxjo Open"]
[Site "masterchessopen.com Vaxjo SWE"]
[Date "2017.02.10"]
[Round "4.10"]
[White "Olsson,T"]
[Black "Jepson,C"]
[Result "0-1"]
[WhiteElo "2006"]
[BlackElo "2427"]

1.e4 e5 2.Nf3 Nc6 3.d4 exd4 4.Bc4 Nf6 5.e5 d5 6.Bb5 Ne4 7.Nxd4 Bc5 8.Be3 O-O
9.Nxc6 bxc6 10.Bxc5 Nxc5 11.Bxc6 Ba6 12.Qxd5 Qg5 13.Nc3 Rad8 14.Qxc5 Qd2# 0-1

[Event "Elite Hotels Vaxjo Open"]
[Site "masterchessopen.com Vaxjo SWE"]
[Date "2017.02.10"]
[Round "4.11"]
[White "Kucuksari,Kaan"]
[Black "Adler,B"]
[Result "1-0"]
[WhiteElo "2337"]
[BlackElo "2169"]

1.d4 d5 2.Nf3 Nf6 3.c4 dxc4 4.e3 Bg4 5.Bxc4 e6 6.O-O a6 7.h3 Bh5 8.a4 Nc6
9.Nc3 Bd6 10.Be2 O-O 11.e4 Bxf3 12.Bxf3 Nxd4 13.Be3 Nxf3+ 14.Qxf3 Nd7 15.Rfd1
Qh4 16.a5 Ne5 17.Qe2 Ng6 18.Ra4 Nf4 19.Qf3 Qh5 20.e5 Qxf3 21.gxf3 Nxh3+ 22.Kg2
Bxe5 23.Kxh3 Rfd8 24.Rxd8+ Rxd8 25.Rb4 f5 26.Rxb7 Rd3 27.Kg2 Bxc3 28.bxc3 Rxc3
29.Ra7 Rc6 30.Bf4 Kf7 31.Bxc7 Kf6 32.Bb6 Ke5 33.Rxa6 Kd5 34.Ra7 g5 35.Rxh7 Kc4
36.Rc7 Rxc7 37.Bxc7 Kb5 38.Kg3 Ka6 39.Bd8 {#r} 1-0

[Event "Elite Hotels Vaxjo Open"]
[Site "masterchessopen.com Vaxjo SWE"]
[Date "2017.02.10"]
[Round "4.16"]
[White "Nilsson,P2"]
[Black "Bellon Lopez,JuM"]
[Result "0-1"]
[WhiteElo "2022"]
[BlackElo "2345"]

1.e4 c5 2.Nf3 e6 3.d4 cxd4 4.Nxd4 Nf6 5.Nc3 Nc6 6.Ndb5 Bc5 7.Be3 Bxe3 8.fxe3
O-O 9.Qd6 Qb6 10.O-O-O Qxe3+ 11.Kb1 Ne8 12.Qa3 a6 13.Nd6 Nxd6 14.Qxd6 b5
15.Bd3 Qg5 16.h4 Qe5 17.Be2 Qxd6 18.Rxd6 Ne5 19.a4 b4 20.Na2 a5 21.Nc1 Bb7
22.Bf3 Bc6 23.b3 f5 24.Re1 Nf7 25.Rdd1 f4 26.Nd3 e5 27.Nb2 Rfc8 28.Nc4 Rc7
29.Bh5 g6 30.Bf3 Kf8 31.h5 g5 32.Bg4 Ke7 33.Bf5 h6 34.Bg6 Rac8 35.Bxf7 Kxf7
36.Nxe5+ Kg7 37.Nc4 Re8 38.Nd6 Re6 39.Rd4 Ra7 40.Nf5+ Kf8 41.Nd6 Ra6 42.Red1
Ba8 43.Nb5 Rxe4 44.Rxd7 Bc6 45.Rh7 Kg8 46.Rc7 Re8 47.Na7 Bxg2 48.Rdd7 Be4
49.Nc8 f3 50.Ne7+ Kh8 51.Ng6+ Bxg6 52.hxg6 Rxg6 53.Rf7 g4 {#R} 0-1

[Event "1st Marcel Duchamp Cup"]
[Site "masterchessopen.com Montevideo URU"]
[Date "2017.02.10"]
[Round "2.1"]
[White "Churba,D"]
[Black "Mareco,S"]
[Result "0-1"]
[WhiteElo "2111"]
[BlackElo "2645"]

1.Nf3 Nf6 2.c4 e6 3.g3 d5 4.d4 Bb4+ 5.Bd2 Be7 6.Bg2 O-O 7.O-O Nbd7 8.Qc2 c6
9.b3 a5 10.Nc3 b6 11.e4 Ba6 12.e5 Ne8 13.Ne2 Rc8 14.Rfd1 c5 15.dxc5 Nxc5
16.Be3 Nc7 17.Nc3 Bb7 18.h4 h6 19.Rd4 f5 20.exf6 Bxf6 21.Rg4 Qe8 22.Rc1 N7a6
23.cxd5 Nb4 24.Rxb4 axb4 25.Ne4 Nxe4 26.Qxe4 Rxc1+ 27.Bxc1 Bxd5 28.Qxb4 Qc6
29.Ba3 Ra8 30.Ne1 Bc3 {#R} 0-1

[Event "1st Marcel Duchamp Cup"]
[Site "masterchessopen.com Montevideo URU"]
[Date "2017.02.10"]
[Round "2.3"]
[White "Carraro,De"]
[Black "Flores,Di"]
[Result "0-1"]
[WhiteElo "2105"]
[BlackElo "2572"]

1.e4 c5 2.Nf3 e6 3.d4 cxd4 4.Nxd4 Bc5 5.Nb3 Bb6 6.Be2 Ne7 7.c4 d6 8.Nc3 a6
9.Bf4 e5 10.Bg5 f6 11.Be3 O-O 12.Qd2 a5 13.a4 Na6 14.Rd1 Nc6 15.Nb5 Bc5
16.Qd5+ Kh8 17.Nxd6 Bb4+ 18.Kf1 Qe7 19.Nxc8 Rfxc8 20.Qd7 Qf8 21.Rd5 Nc7 22.Rd1
Na6 23.Rd5 Rc7 24.Qh3 Ne7 25.Rd7 Qe8 26.Rxc7 Nxc7 27.Bb6 Na6 28.Qd3 Qxa4 29.g3
Qc6 30.Bxa5 f5 31.Bf3 Bxa5 32.Nxa5 Qb6 33.Nb3 Rf8 34.c5 Nxc5 35.Nxc5 Qxc5
36.Kg2 f4 37.Qc3 Qd6 38.Rd1 Qf6 39.Rd7 Nc6 40.g4 Ne7 41.Rxb7 Ng6 42.Be2 f3+
43.Bxf3 Nh4+ 44.Kf1 Nxf3 {#R} 0-1